Clinical monitoring of non-ICU patients using wireless sensor networks (Record no. 13056)
[ view plain ]
| 000 -LEADER | |
|---|---|
| fixed length control field | 00500nam a22001457a 4500 |
| 082 ## - DEWEY DECIMAL CLASSIFICATION NUMBER | |
| Classification number | BEE-2 ABD |
| 100 ## - MAIN ENTRY--PERSONAL NAME | |
| Personal name | Abdullah Khan Chaudhry |
| 9 (RLIN) | 93398 |
| 245 ## - TITLE STATEMENT | |
| Title | Clinical monitoring of non-ICU patients using wireless sensor networks |
| 260 ## - PUBLICATION, DISTRIBUTION, ETC. | |
| Place of publication, distribution, etc. | Islamabad |
| Name of publisher, distributor, etc. | NUST-SEECS |
| Date of publication, distribution, etc. | 2014 |
| 300 ## - PHYSICAL DESCRIPTION | |
| Extent | 64 |
| Other physical details | 25cm |
| 500 ## - GENERAL NOTE | |
| General note | Supervisors: Dr. Adnan Khalid Kiyani, Dr. Adeel Baig |
| 700 ## - ADDED ENTRY--PERSONAL NAME | |
| Personal name | Abdul Saboor, Raja Haseeb Javed |
| 9 (RLIN) | 93399 |
| 856 ## - ELECTRONIC LOCATION AND ACCESS | |
| Uniform Resource Identifier | <a href="http://10.250.8.41:8080/xmlui/handle/123456789/29706">http://10.250.8.41:8080/xmlui/handle/123456789/29706</a> |
| 942 ## - ADDED ENTRY ELEMENTS (KOHA) | |
| Koha item type | Project Report |
| Source of classification or shelving scheme | |
| Withdrawn status | Lost status | Damaged status | Not for loan | Collection code | Permanent Location | Current Location | Shelving location | Date acquired | Full call number | Barcode | Date last seen | Price effective from | Koha item type |
|---|---|---|---|---|---|---|---|---|---|---|---|---|---|
| WITHDRAWN | Central Library (CL) | Central Library (CL) | General Stacks | 08/26/2014 | BEE-2 ABD | SEECSP01554 | 06/20/2022 | 10/26/2014 | Project Report |
